00519nam a2200157Ia 4500082001600000100001600016245008600032260004000118300001000158504003300168650005600201650003000257650002400287650002800311650002200339 a331.7 MON-; aMoneer Alam 0aForecasting occupational structure in a developing economy: a case study of India aNew DelhibConcept Publishingc1985 a242p. aIncludes bibliography, index aOccupational training - Statistical methods - India aManpower planning - India aOccupations - India aIndia - Economic policy aEconomics - India